A study of the screw-holding properties of wood. (Record no. 9618)

MARC details
000 -LEADER
fixed length control field 01060cam a22002891 4500
001 - CONTROL NUMBER
control field agr34000173
003 - CONTROL NUMBER IDENTIFIER
control field DLC
005 - DATE AND TIME OF LATEST TRANSACTION
control field 20260227110953.0
008 - FIXED-LENGTH DATA ELEMENTS--GENERAL INFORMATION
fixed length control field 800319s1933 nyua b 000 0 eng
010 ## - LIBRARY OF CONGRESS CONTROL NUMBER
LC control number agr34000173
035 ## - SYSTEM CONTROL NUMBER
System control number (OCoLC)6106900
040 ## - CATALOGING SOURCE
Original cataloging agency DLC
Transcribing agency TxCM
Modifying agency OCoLC
-- DLC
042 ## - AUTHENTICATION CODE
Authentication code premarc
050 00 - LIBRARY OF CONGRESS CALL NUMBER
Classification number TA420
Item number .C63
100 1# - MAIN ENTRY--PERSONAL NAME
Personal name Cockrell, Robert Alexander,
Dates associated with a name 1909-
245 12 - TITLE STATEMENT
Title A study of the screw-holding properties of wood.
Statement of responsibility, etc. By Robert A. Cockrell.
260 ## - PUBLICATION, DISTRIBUTION, ETC.
Place of publication, distribution, etc. Syracuse, N.Y.,
Name of publisher, distributor, etc. New York State College of Forestry at Syracuse,
Date of publication, distribution, etc. 1933.
300 ## - PHYSICAL DESCRIPTION
Extent 28 p.
Other physical details diagrs.
490 1# - SERIES STATEMENT
Series statement New York State College of Forestry at Syracuse University. Technical publication
Volume/sequential designation no. 44
490 0# - SERIES STATEMENT
Series statement Bulletin
Volume/sequential designation v. VI. no. 3
502 ## - DISSERTATION NOTE
Dissertation note Thesis (M. Sc.)--Syracuse University.
500 ## - GENERAL NOTE
General note Thesis note in foot-note, p. 7.
504 ## - BIBLIOGRAPHY, ETC. NOTE
Bibliography, etc. note Bibliography: p. 21.
650 #0 - SUBJECT ADDED ENTRY--TOPICAL TERM
Topical term or geographic name entry element Wood
General subdivision Testing.
740 0# - ADDED ENTRY--UNCONTROLLED RELATED/ANALYTICAL TITLE
Uncontrolled related/analytical title Screw-holding properties of wood.
810 2# - SERIES ADDED ENTRY--CORPORATE NAME
Corporate name or jurisdiction name as entry element State University College of Forestry at Syracuse University.
Title of a work Technical publication ;
Volume/sequential designation no. 44.

No items available.

Powered by Koha